000 00282nam a2200133Ia 4500
005 20251222155105.0
008 251222s9999||||xx |||||||||||||| ||spa||
082 _aESC. 29
100 _aGasrozepina.
245 0 _aEl Vago
250 _aNo ed.
264 _bNo tiene
942 _cLIB
999 _c37834
_d37834